| 000 | 00734cam a22002177a 4500 | ||
|---|---|---|---|
| 001 | e 09000494 | ||
| 003 | DLC | ||
| 005 | 20260227111150.0 | ||
| 008 | 071002s1902 fr b 000 0 fre | ||
| 010 | _ae 09000494 | ||
| 040 |
_aDLC _cDLC |
||
| 050 | 0 | 0 | _aMLCS 2007/48066 (L) |
| 051 |
_aMLCS 2007/48066a _cPreservation photocopy. ([North Manchester, IN : HF Group, 2013]. 20 cm.) |
||
| 100 | 1 |
_aCompayré, Gabriel, _d1843-1913. |
|
| 245 | 1 | 0 |
_aJean Macé et l'instruction obligatoire / _cpar Gabriel Compayré. |
| 260 |
_aParis : _bP. Delaplane, _c[1902] |
||
| 300 |
_a104 p. ; _c17 cm. |
||
| 490 | 0 | _aLes grandes éducateurs | |
| 504 | _aIncludes bibliographical references (p. [99]-100). | ||
| 600 | 1 | 0 |
_aMacé, Jean, _d1815-1894. |
| 999 |
_c18776 _d18776 |
||